| 000 | 00421cam a2200181ua 4500 | ||
|---|---|---|---|
| 020 | _c1.50 | ||
| 041 |
_ahin _h |
||
| 082 |
_a891.54 _bRAM/GA |
||
| 100 | _aRam Ratan, Bhatnagar . | ||
| 245 |
_aGadhayan / _cRam Ratan Bhatnagar. _hTextual Documents |
||
| 250 |
_a1 / _b. |
||
| 260 |
_a : _bSathi Prakashan , _c1966. |
||
| 300 | _a120 ; . | ||
| 365 | _a1.50 | ||
| 504 | _a | ||
| 942 | _cBK | ||
| 999 |
_c8126 _d8126 |
||